15 Ciudades más grandes de Italia en un mapa - Estadísticas

Estadísticas generales
  • Esta prueba ha sido intentada 72 veces
  • La puntuación promedio es 12 de 15
Respuestas en el mapa
Las respuestas están codificadas por una escala verde-roja en el mapa de la prueba según el % correcto abajo.
 
Estadísticas de respuestas
Ciudad Población % Correcto
Milán 1,3 millión
100%
Roma 2,7 millón
100%
Turin 860 mil
98%
Florencia 360 mil
97%
Nápoles 910 mil
97%
Venecia 250k
97%
Palermo 620 mil
94%
Génova 560 mil
90%
Bolonia 390 mil
81%
Bari 320k
77%
Catania 300k
76%
Verona 260k
65%
Padua 210k
50%
Mesina 220k
44%
Brescia 200k
42%
No se encontraron pruebas coincidentes
Distribución de puntuación
Porcentaje de gente con cada puntuación
Porcentaje por número respondido
Historial de tus puntuaciones
No has intentado esta prueba.